000 00466nam a22001817a 4500
003 NUST - PNEC
005 20170116180809.0
008 150427b xxu||||| |||| 00| 0 eng d
020 _a-
040 _cLIBRARY
082 _a297.1228 MUH
100 _93224
_aMuhammad Ishaq
245 _aKhutbat e Bahria
_cMuhammad Ishaq
260 _aIslamabad
_bIdara taleem Pak Bahria NHQ.
300 _a116 p. :
650 _93227
_aIslam, Bahria
_xGeneral
942 _2ddc
_cBK
999 _c63310
_d63310